000 00624nam a22002417a 4500
003 UA-OsUOA
001 124756
007 ta
008 20170823b un ||||| |||| 00| 0 ukr d
100 _aКовалівська В.
090 _a821.161.2
_bК56
942 _cBK
040 _aUA-OsUOA
_bukr
_cUA-OsUOA
_dUA-OsUOA
245 _aМоя фортеця
_bпоезії
300 _a48 с.
955 _a3
041 _aukr
080 _a821.161.2
020 _a5-7770-0639-6
260 _aК.
_bЗнання
_c1995
650 7 _a82 Література. Літературознавство
_2UDC
999 _c411926
_d411926